000 00776nam a2200181Ia 4500
008 151018s9999 xx 000 0 und d
082 _bRBASDV26299
_a920
100 _aके वि बेलसरे
245 _aश्रीब्रम्हचैतन्य गोंदवलेकर महाराज
250 _b12
260 _bबुकसेलर्स आणि पब्लिशर्स&
_c1993
300 _a12
600 _aके वि बेलसरे
630 _aश्रीब्रम्हचैतन्य गोंदवलेकर महाराज
700 _aके वि बेलसरे
730 _aश्रीब्रम्हचैतन्य गोंदवलेकर महाराज
942 _cBOOK
999 _c1025905
_d1025902